00422nam a2200169Ia 4500003000400000005001700004008004100021020001500062050002400077100001700101245005000118260003500168300002800203440000600231521000700237526000800244OSt20140311163112.0140130s9999 xx 000 0 und d a0439368030 aPZ 7b.D121B45 2002 aDebbie Dadey aWizards Don't wear Graduation /cDebbie Dadey bScholastic,c2002.aNew York : a74 p. :bill. ;c18 cm. v1 aG3 c520